• 首页
  • 本馆介绍
  • 公告通知
  • 最新文献
  • 馆藏检索
  • 电子资源
  • 读者导购
  • 参考咨询
  • 我的图书馆
  • 登录
  • 详细信息显示
  • 放入我的书架
  • 预约/预借图书
  • 作者相关作品
  • 分类相关作品
  • 丛书相关作品
  • 出版社相关作品

书目信息

  • 表格格式
  • 工作单格式
  • 卡片格式
题名:
联合国新论
    
 
作者: 郭隆隆 著
分册:  
出版信息: 上海   上海教育出版社  1995.12
页数: 323页
开本: 20cm
丛书名:
单 册:
中图分类: D813.2
科图分类:
主题词: 国际关系
电子资源:
ISBN: 7-5320-4759-8
000 00542nam0 2200193 45
001 0004121002
005 20031223171114.3
010    @a7-5320-4759-8@b软精装@dCNY17.90
100    @a20000412d1995 km y0chiy0120 ea
101 0  @achi
105    @a z 000yy
200 1  @a联合国新论@ALian He Guo Xin Lun@f郭隆隆等著@FGuo Long Long Deng Zhu
210    @a上海@c上海教育出版社@d1995.12
215    @a323页@d20cm
606 0  @a国际关系
690    @aD813.2@v1
701  0 @a郭隆隆@4著
801    @aCN@bTSTC@c20000412
905    @b287586-588@dD813.2@e33@f3
    
    联合国新论/郭隆隆等著.-上海:上海教育出版社,1995.12
    323页;20cm
    
    
    ISBN 7-5320-4759-8(软精装):CNY17.90
    
●
相关链接 在E读中查询图书 在五车中查询图书 在当当中查询图书 在豆瓣中查询图书


正题名:联合国新论     索取号:D813.2/33         预约/预借

序号 登录号 条形码 馆藏地/架位号 状态 备注
1 0287586   002875865   第一借阅区/ [索取号:D813.2/33] 在馆    
2 0287587   002875874   第一借阅区/ [索取号:D813.2/33] 在馆    
3 0287588   002875883   第一样本阅览室/ [索取号:D813.2/33] 在馆    
唐山师范学院图书馆 欢迎您!
大连网信软件有限公司© 版权所有